Southville International School and Colleges
Your cart is empty.
  • Cart
  • Lists
    Public lists Eva Luna New books Lux_list list_1
    Your lists Log in to create your own lists
  • Log in to your account
  • Your cookies
  • Search history
Southville International School and Colleges
  • Advanced search
  • Recent comments
  • Most popular
  • Libraries

Log in to your account

Log in with GOOGLE


If you do not have an external account, but do have a local account, you can still log in:

  1. Home
  2. MARC view: Lifelines:
Normal view MARC view ISBD view

Lifelines: (Record no. 288040)

[ view plain ]
MARC details
000 -LEADER
fixed length control field 00586nam a2200169Ia 4500
008 - FIXED-LENGTH DATA ELEMENTS--GENERAL INFORMATION
fixed length control field 150610s9999 xx 000 0 und d
020 ## - INTERNATIONAL STANDARD BOOK NUMBER
International Standard Book Number 9781581808665
050 ## - LIBRARY OF CONGRESS CALL NUMBER
Classification number TR501
Item number .W565 2007
100 ## - MAIN ENTRY--PERSONAL NAME
Personal name Wingert, Carol
245 ## - TITLE STATEMENT
Title Lifelines:
Remainder of title creating memory art to chronicle your personal connections /
Statement of responsibility, etc by Carol Wingert and Tena Sprenger.
260 ## - PUBLICATION, DISTRIBUTION, ETC. (IMPRINT)
Place of publication, distribution, etc Ohio :
Name of publisher, distributor, etc North Light Books,
Date of publication, distribution, etc 2007.
300 ## - PHYSICAL DESCRIPTION
Extent 127. :
Other physical details col. illustrations ;
Dimensions 28 cm.
504 ## - BIBLIOGRAPHY, ETC. NOTE
Bibliography, etc Includes index.
520 ## - SUMMARY, ETC.
Summary, etc Photograph albums.
650 ## - SUBJECT ADDED ENTRY--TOPICAL TERM
Topical term or geographic name as entry element Photgraph
General subdivision Conservation and restoration.
650 ## - SUBJECT ADDED ENTRY--TOPICAL TERM
General subdivision Scrapbooks.
Holdings
Withdrawn status Lost status Damaged status Home library Current library Shelving location Date acquired Total Checkouts Full call number Barcode Date last seen Price effective from Koha item type
      Stonyhurst Southville International School (Batangas) Stonyhurst Southville International School (Batangas) High School Section 06/10/2015   TR501 .W565 2007 US-1303 06/10/2015 06/10/2015 Books

Lifelines:

APA

Wingert C., . (2007). Lifelines. Ohio: North Light Books.

Chicago

Wingert Carol, . 2007. Lifelines. Ohio: North Light Books.

Harvard

Wingert C., . (2007). Lifelines. Ohio: North Light Books.

MLA

Wingert Carol, . Lifelines. Ohio: North Light Books. 2007.

  • Place hold
  • Print
  • Cite
  • Add to your cart (remove)
  • Save record
    BIBTEX Dublin Core MARCXML MARC (non-Unicode/MARC-8) MARC (Unicode/UTF-8) MARC (Unicode/UTF-8, Standard) MODS (XML) RIS
  • More searches
    Search for this title in:
    Other Libraries (WorldCat) Other Databases (Google Scholar) Online Stores (Bookfinder.com) Open Library (openlibrary.org)

Exporting to Dublin Core...

SOUTHVILLE LIBRARY

Southville International School and Colleges Library

1281 Tropical Ave. Cor. Luxembourg St., BF Homes International, Las Pinas City

Tel. No. 8256374 / 252358 Loc. 117/146

Powered by Koha